Kabale University Library Catalogue

Calculus: (Record no. 5848)

MARC details
000 -LEADER
fixed length control field 00584nam a22002057a 4500
003 - CONTROL NUMBER IDENTIFIER
control field OSt
005 - DATE AND TIME OF LATEST TRANSACTION
control field 20260306190551.0
008 - FIXED-LENGTH DATA ELEMENTS--GENERAL INFORMATION
fixed length control field 251208b |||||||| |||| 00| 0 eng d
020 ## - INTERNATIONAL STANDARD BOOK NUMBER
International Standard Book Number 9781119585817
040 ## - CATALOGING SOURCE
Transcribing agency KABLIB
Original cataloging agency KABLIB
Language of cataloging eng
Description conventions rda
082 ## - DEWEY DECIMAL CLASSIFICATION NUMBER
Edition number 23
Classification number 515
Item number CAL
245 ## - TITLE STATEMENT
Title Calculus:
Remainder of title single and multivariable /
Statement of responsibility, etc. Deborah Hughes-Hallett . . . [et al].
250 ## - EDITION STATEMENT
Edition statement 7th ed.
260 ## - PUBLICATION, DISTRIBUTION, ETC.
Place of publication, distribution, etc. Hoboken
Name of publisher, distributor, etc. Wiley
Date of publication, distribution, etc. c2019
300 ## - PHYSICAL DESCRIPTION
Extent xviii, 1146 p. :
Other physical details ill. ;
Dimensions 27cm
500 ## - GENERAL NOTE
General note Includes index.
650 ## - SUBJECT ADDED ENTRY--TOPICAL TERM
Topical term or geographic name entry element Calculus
700 ## - ADDED ENTRY--PERSONAL NAME
Dates associated with a name Hughes-Hallett, Deborah
9 (RLIN) 15648
942 ## - ADDED ENTRY ELEMENTS (KOHA)
Source of classification or shelving scheme Dewey Decimal Classification
Koha item type Book
Holdings
Withdrawn status Lost status Source of classification or shelving scheme Damaged status Not for loan Home library Current library Shelving location Date acquired Source of acquisition Total Checkouts Full call number Barcode Date last seen Price effective from Koha item type
    Dewey Decimal Classification     Education Library Education Library Reserve Section 08.12.2025 Purchased   515 CAL 14124 08.12.2025 08.12.2025 Book
    Dewey Decimal Classification     Education Library Education Library Reserve Section 08.12.2025 Purchased   515 CAL 14125 08.12.2025 08.12.2025 Book
    Dewey Decimal Classification     Education Library Education Library Open Access Section 06.03.2026 Purchased   515 CAL 14746 06.03.2026 06.03.2026 Book
    Dewey Decimal Classification     Education Library Education Library Open Access Section 06.03.2026 Purchased   515 CAL 14747 06.03.2026 06.03.2026 Book
    Dewey Decimal Classification     Education Library Education Library Open Access Section 06.03.2026 Purchased   515 CAL 14748 06.03.2026 06.03.2026 Book

Kabale University Library | Kabale University P.O Box 317, Kabale, Uganda
Tel : +256754017033, +256774661503 E-mail : library@kab.ac.ug